000
00323nam a2200133Ia 4500
999
_c
6767
_d
6767
003
OSt
008
191201s2013 xx 000 0 und d
100
_a
HELFAND, Lewis
245
0
_a
Mother Teresa Angel of Slims
260
_b
KALYANI MEDIA PVT. LTD.
_c
2013
300
_a
83
650
_a
General Books
942
_2
ddc
_c
BK
_0
2